Catalog

Record Details

Catalog Search



Christian theology : a systematic presentation Cover Image Book Book

Christian theology : a systematic presentation by P. B. Fitzwater

Fitzwater, P. B. (Author).

Record details

  • Physical Description: 567 p.
  • Edition: 2nd ed.
  • Publisher: Grand Rapids, Michigan William B. Eerdmans c1948

Content descriptions

General Note:
2nd printing 1953

Available copies

  • 1 of 1 copy available at Common Catalog SPOK.

Holds

  • 0 current holds with 1 total copy.
Show Only Available Copies
Location Call Number / Copy Notes Barcode Shelving Location Status Due Date
ETS Library 230.044 424470000487 Volný výběr Available -

LDR 00665nam a2 00241
00145086
003CZ-PrJAB
00520030108000000.0
008020213s1800 xxu e |||| |eng
009us
035 . ‡a(CONS)4018
035 . ‡aKPS1243
041 . ‡aeng
08214. ‡a230.044
100 . ‡73571 ‡aFitzwater, P. B.
245 . ‡aChristian theology : ‡ba systematic presentation ‡cby P. B. Fitzwater
250 . ‡a2nd ed.
260 . ‡aGrand Rapids, Michigan ‡bWilliam B. Eerdmans ‡cc1948
300 . ‡a567 p.
500 . ‡a2nd printing 1953
653 . ‡aChristian theology
8524 . ‡bETS ‡bETS ‡cVolný výběr ‡j230.044 ‡gA ‡p424470000487
910 . ‡aABG450
999 . ‡a4018 ‡bAUTOGEN ‡c4018 ‡tbiblio
905 . ‡uadmin
901 . ‡a45086 ‡b ‡c45086 ‡tbiblio ‡sets

Additional Resources